<?xml version="1.0" encoding="UTF-8"?>
<collection xmlns="http://www.loc.gov/MARC21/slim">
 <record>
  <leader>01519nam a22002537a 4500</leader>
  <controlfield tag="001">NCT_82825</controlfield>
  <controlfield tag="008">200724b        xxu||||| |||| 00| 0 vie d</controlfield>
  <datafield tag="999" ind1=" " ind2=" ">
   <subfield code="c">4076</subfield>
   <subfield code="d">4076</subfield>
  </datafield>
  <datafield tag="020" ind1=" " ind2=" ">
   <subfield code="a">9810235631</subfield>
  </datafield>
  <datafield tag="082" ind1="0" ind2="4">
   <subfield code="2">23rd ed.</subfield>
   <subfield code="a">530.15</subfield>
   <subfield code="b">S798</subfield>
  </datafield>
  <datafield tag="100" ind1="1" ind2=" ">
   <subfield code="a">Stauffer, Dietrich</subfield>
  </datafield>
  <datafield tag="245" ind1="1" ind2="0">
   <subfield code="a">Annual reviews of computational physics</subfield>
   <subfield code="c">Dietrich Stauffer</subfield>
   <subfield code="n">VI</subfield>
  </datafield>
  <datafield tag="260" ind1=" " ind2=" ">
   <subfield code="a">Singapore</subfield>
   <subfield code="b">World Scientific</subfield>
   <subfield code="c">1999</subfield>
  </datafield>
  <datafield tag="300" ind1=" " ind2=" ">
   <subfield code="a">346 p.</subfield>
   <subfield code="b">ill.</subfield>
   <subfield code="c">23cm</subfield>
  </datafield>
  <datafield tag="504" ind1=" " ind2=" ">
   <subfield code="a">Includes references and index</subfield>
  </datafield>
  <datafield tag="520" ind1="3" ind2=" ">
   <subfield code="a">The sixth volume of the series covers topics ranging from the generation of good random numbers to statistical physics, quantum mechanics, quantum computers and polymers, to protein folding and immunology simulations.</subfield>
  </datafield>
  <datafield tag="653" ind1=" " ind2=" ">
   <subfield code="a">Cơ bản</subfield>
  </datafield>
  <datafield tag="942" ind1=" " ind2=" ">
   <subfield code="2">ddc</subfield>
   <subfield code="c">BK</subfield>
  </datafield>
  <datafield tag="952" ind1=" " ind2=" ">
   <subfield code="0">0</subfield>
   <subfield code="1">0</subfield>
   <subfield code="2">ddc</subfield>
   <subfield code="4">0</subfield>
   <subfield code="6">530_150000000000000_S798</subfield>
   <subfield code="7">0</subfield>
   <subfield code="9">20028</subfield>
   <subfield code="a">000001</subfield>
   <subfield code="b">000001</subfield>
   <subfield code="d">2020-07-24</subfield>
   <subfield code="o">530.15 S798</subfield>
   <subfield code="p">MD.17532</subfield>
   <subfield code="r">2020-07-24</subfield>
   <subfield code="w">2020-07-24</subfield>
   <subfield code="y">BK</subfield>
  </datafield>
  <datafield tag="952" ind1=" " ind2=" ">
   <subfield code="0">0</subfield>
   <subfield code="1">0</subfield>
   <subfield code="2">ddc</subfield>
   <subfield code="4">0</subfield>
   <subfield code="6">530_150000000000000_S798</subfield>
   <subfield code="7">0</subfield>
   <subfield code="9">20029</subfield>
   <subfield code="a">000001</subfield>
   <subfield code="b">000001</subfield>
   <subfield code="d">2020-07-24</subfield>
   <subfield code="o">530.15 S798</subfield>
   <subfield code="p">MD.17533</subfield>
   <subfield code="r">2020-07-24</subfield>
   <subfield code="w">2020-07-24</subfield>
   <subfield code="y">BK</subfield>
  </datafield>
  <datafield tag="952" ind1=" " ind2=" ">
   <subfield code="0">0</subfield>
   <subfield code="1">0</subfield>
   <subfield code="2">ddc</subfield>
   <subfield code="4">0</subfield>
   <subfield code="6">530_150000000000000_S798</subfield>
   <subfield code="7">0</subfield>
   <subfield code="9">20030</subfield>
   <subfield code="a">000001</subfield>
   <subfield code="b">000001</subfield>
   <subfield code="d">2020-07-24</subfield>
   <subfield code="o">530.15 S798</subfield>
   <subfield code="p">MD.17534</subfield>
   <subfield code="r">2020-07-24</subfield>
   <subfield code="w">2020-07-24</subfield>
   <subfield code="y">BK</subfield>
  </datafield>
  <datafield tag="952" ind1=" " ind2=" ">
   <subfield code="0">0</subfield>
   <subfield code="1">0</subfield>
   <subfield code="2">ddc</subfield>
   <subfield code="4">0</subfield>
   <subfield code="6">530_150000000000000_S798</subfield>
   <subfield code="7">0</subfield>
   <subfield code="9">20031</subfield>
   <subfield code="a">000001</subfield>
   <subfield code="b">000001</subfield>
   <subfield code="d">2020-07-24</subfield>
   <subfield code="o">530.15 S798</subfield>
   <subfield code="p">MD.17535</subfield>
   <subfield code="r">2020-07-24</subfield>
   <subfield code="w">2020-07-24</subfield>
   <subfield code="y">BK</subfield>
  </datafield>
  <datafield tag="952" ind1=" " ind2=" ">
   <subfield code="0">0</subfield>
   <subfield code="1">0</subfield>
   <subfield code="2">ddc</subfield>
   <subfield code="4">0</subfield>
   <subfield code="6">530_150000000000000_S798</subfield>
   <subfield code="7">0</subfield>
   <subfield code="9">20032</subfield>
   <subfield code="a">000001</subfield>
   <subfield code="b">000001</subfield>
   <subfield code="d">2020-07-24</subfield>
   <subfield code="o">530.15 S798</subfield>
   <subfield code="p">MD.17536</subfield>
   <subfield code="r">2020-07-24</subfield>
   <subfield code="w">2020-07-24</subfield>
   <subfield code="y">BK</subfield>
  </datafield>
  <datafield tag="980" ind1=" " ind2=" ">
   <subfield code="a">Thư viện Trường Đại học Nam Cần Thơ</subfield>
  </datafield>
 </record>
</collection>
